00181nam a2200061Ia 4500245002900000100004900029008004100078 0aOp lugstrome van genade  a DROTSKY, Elsa Pretoria, 2004 1ste druk 210818s9999 xx 000 0 und d